01429nam a22003012 450000100060000000300080000600500170001400800410003103500190007204000310009104100140012208200200013624502980015626000770045430000320053149000210056350000310058450400290061565000330064465000630067765000400074070000410078071001100082183000280093194200120095999900170097195201390098830050BD-RjUL20211209051513.0841211s1961 ne a b 000 0 eng c a(BD-RjUL)30135 aDLC/ICUcCGUdBD-RjULbeng0 aengfreger0 a501.8bINC 196104aThe Concept and the role of the model in mathematics and natural and social sciences :bproceedings of the colloquium sponsored by the Division of Philosophy of Sciences of the International Union of History and Philosophy of Sciences organized at Utrecht, January 1960 /cby Hans Freudenthal. aDordrecht :bD. Reidel Pub. Co. ;aNew York :bGordon and Breach,cc1961 a194 p. :bdiagrs. ;c23 cm.1 aSynthese library aEnglish, French or German. aIncludes bibliographies. 0aSciencexMethodology.991403 0aMathematicsxStudy and teachingxAudio-visual aids.991404 0aElectromechanical analogies.9914051 aFreudenthal, Hans,d1905-19909914062 aInternational Union of the History and Philosophy of Science.bDivision of Philosophy of Sciences.991407 0aSynthese library991410 2ddccBK c30050d30050 00102ddc40728NFICaRUCLbRUCLcReadingd1964-03-07ezeithingerg41.60l0o501.8 INC 1961r2014-04-08 00:00:00tC-1w2014-04-08yBK